Bitva o Midway /

Hlavní autor: Smith, Peter C. 1940-
Jazyk: Čeština
Vydáno: Brno : Jota, 2005
Vydání: Vyd. 1.
Edice: Military (Jota)
Témata:
Fyzický popis: 195 s., [8] s. obr. příl. : il., portréty, mapy ; 22 cm
Knihy
Uloženo v:
LEADER 02230cam a2200577 a 4500
001 nkc20051631838
003 CZ PrNK
005 20140801102817.0
007 ta
008 050930s2005 xr abcfe 001 0 cze d
015 |a cnb001631838 
020 |a 80-7217-355-3  |q (váz.) 
035 |a (OCoLC)85524760 
040 |a KLG001  |b cze  |d OLA001  |d ABA001 
041 1 |a cze  |h eng 
043 |a p------ 
045 |a x3x4 
072 7 |a 355/359  |x Vojenství. Obrana země. Ozbrojené síly  |2 Konspekt  |9 15 
080 |a 355.48(100)"1939/1945"  |2 MRF 
080 |a 355.46  |2 MRF 
080 |a 355.49(973)"1942"  |2 MRF 
080 |a 355.469  |2 MRF 
080 |a (9)  |2 MRF 
080 |a (0:82-96)  |2 MRF 
100 1 |a Smith, Peter C.  |q (Peter Charles),  |d 1940-  |7 mzk2002160647  |4 aut 
245 1 0 |a Bitva o Midway /  |c Peter C. Smith ; [z anglického originálu ... přeložila Zuzana Gabajová] 
250 |a Vyd. 1. 
260 |a Brno :  |b Jota,  |c 2005 
300 |a 195 s., [8] s. obr. příl. :  |b il., portréty, mapy ;  |c 22 cm 
490 1 |a Jota - military 
504 |a Obsahuje bibliografii a rejstřík 
648 7 |a 1939-1945  |7 ch460653  |2 czenas 
648 7 |a 1942  |7 ch967356  |2 czenas 
650 0 7 |a druhá světová válka (1939-1945)  |7 ph117270  |z Tichý oceán  |2 czenas 
650 0 7 |a bitva o Midway (1942 : Midwayské ostrovy)  |7 ph117885  |2 czenas 
650 0 7 |a námořní operace  |7 ph123416  |z Tichý oceán  |y 1939-1945  |2 czenas 
650 0 7 |a letecké operace  |7 ph115129  |z Tichý oceán  |y 1939-1945  |2 czenas 
650 0 9 |a World War (1939-1945)  |z Pacific Ocean  |2 eczenas 
650 0 9 |a battle of Midway (1942 : Midway Islands)  |2 eczenas 
650 0 9 |a naval operations  |z Pacific Ocean  |y 1939-1945  |2 eczenas 
650 0 9 |a aerial operations  |z Pacific Ocean  |y 1939-1945  |2 eczenas 
655 7 |a literatura faktu  |7 fd132773  |2 czenas 
655 9 |a non-fiction  |2 eczenas 
765 0 |t Battle of Midway  |9 Česky 
830 0 |a Military (Jota)  |0 s 
910 2 |a BOA001  |b 2-1170.338 
990 |a BK 
995 |a 01 
991 |b 200606  |c NOV 
996 6 |b 2610282831  |c 2-1170.338  |l MZK  |r Sklad / do 1 hodiny  |n 0  |p p.v.  |w 000819087  |u 000010  |a 1  |e BOA001  |j MZK50  |s P 
996 7 |b 2610282832  |c 2-1170.338  |l MZK  |r Sklad / do 1 hodiny  |n 11  |p p.v.  |w 000819087  |u 000020  |a 1  |e BOA001  |j MZK50  |s A